000 00929nam a2200313Ia 4500
003 OSt
005 20220912150138.0
006 a|||||r|||| 00| 0
007 ta
008 220909b |||||||| |||| 00| 0 eng d
020 _a0761997563
024 _a1265
037 _cTextual
040 _aCSL
_beng
_cCSL
041 _aeng
082 _aY0aN, P3
100 _aRamaswamy Sumathi Ed.
245 0 _aBeyond appearances? : visual practices and ideologies and modern India
260 _aNew Delhi
_b SAGE Publication India
_c2003
300 _axxix, 412p.
_ccm.
490 _aContributions to Indian sociology occasional studies; 10
500 _aIncluding bibliographical references; Index 401-412p.
_ccm.
650 _a Anthropology
650 _a Arts
650 _a Modern India
650 _aFine arts
942 _hY0aN, P3
_cTEXL
_2CC
999 _c40550
_d40550